Employment law

Salvato in:
Dettagli Bibliografici
Autore principale: Bell, Andrew C.
Natura: Libro
Pubblicazione: London : Sweet and Maxwell.; c 2007.
Edizione:3rd ed.
Soggetti:
Tags: Aggiungi Tag
Nessun Tag, puoi essere il primo ad aggiungerne!!

MARC

LEADER 00000nam a22000007a 4500
005 20251010054828.0
020 |a 9780421958708  |c TZS.31,151/= 
040 |a MCCL  |b eng.  |e AACR 2nd rev.ed. 
082 |a 344.4201 BEL 
100 |a Bell, Andrew C. 
245 |a Employment law  |c / Andrew C. Bell 
250 |a 3rd ed. 
260 |a London :  |b Sweet and Maxwell.;  |c c 2007. 
300 |a xviii,175 p. :  |c 21 cm. 
504 |a Includes index. 
546 |a eng. 
650 |a Employment law 
650 |a Trade union 
650 |a Discrimination 
700 |a Bell, Andrew C. 
942 |c BK 
999 |c 12393  |d 12393